LEADER 01015nam a2200253 i 4500 001 000000149613 003 CaOOAMICUS 005 20060410000000.0 008 060410s1989 it u000 u ita u 013 $a126937 020 $a88-7610-309-0 040 $aSeMil$bita 100 1 $aAzevedo, Marcello .$0(OLS)http://semarc/name/16488 245 13$aLa preghiera nella vita :$bsfida e dono /$cMarcello Azevedo. 260 $aMilano :$bĀncora,$c1989. 300 $a267 p. ;$c21 cm. 650 4$aPreghiera - Meditazioni.$0(OLS)http://semarc/subject/1470 650 4$aPreghiera - Studi.$0(OLS)http://semarc/subject/4248 850 $aSeMil 852 $aSeMil$W1$xVenegono$y1$m2C VI 2$j101814$B101814$CSeMilBibl$Z2$F110790 $81 961 $aOmaggio: Martinelli don Romano 996 $6020$a88-7610-309-0$9(OLS)http://semarc/number/63575 996 $6245$aLa preghiera nella vita :$bsfida e dono$9(OLS)http://semarc/title/218672 996 $6260$aMilano :$bĀncora$9(OLS)http://semarc/publisher/29763 LEADER 00862nam a2200205 i 4500 001 000000060543 003 CaOOAMICUS 005 20140509000000.0 008 140509s1941 it u000 u ita u 013 $a31715 040 $aSeMil$bita 100 1 $aMasnovo, Amato <1880-1955>.$0(OLS)http://semarc/name/8468 245 13$aLa filosofia verso la religione /$cAmato Masnovo professore ordinario di filosofia nella Universitā cattolica del sacro Cuore. 260 $aMilano :$bVita e Pensiero,$cstampa 1941. 300 $aV, 89 p. ;$c19 cm. 650 4$aReligione.$0(OLS)http://semarc/subject/3159 850 $aSeMil 852 $aSeMil$W1$xVenegono$y1$m2K III 125$j26696$B26696$CSeMilBibl$Z2$F26699 $81 996 $6245$aLa filosofia verso la religione$9(OLS)http://semarc/title/94917 996 $6260$aMilano :$bVita e Pensiero$9(OLS)http://semarc/publisher/29642